| 000 | 00403nam a2200145Ia 4500 | ||
|---|---|---|---|
| 008 | 211109s9999||||xx |||||||||||||| ||und|| | ||
| 082 |
_a820 _bDOW-S |
||
| 100 | _aDowden, Edward | ||
| 245 | 0 | _aStudies In Literature 1789 - 1877 | |
| 260 |
_bC.KEGAN PAUL _aLONDON _c1978 |
||
| 300 | _a523p. | ||
| 630 | _xGeneral Stack | ||
| 650 |
_aEnglish literature _vliteratureliterature Study _xEnglish |
||
| 942 | _cBOOK | ||
| 999 |
_c4857 _d4857 |
||